Capital Punishment Countries - Statistics

General Stats
  • This quiz has been taken 29 times
  • The average score is 9 of 15
Answer Stats
Democracy Index Answer % Correct
2.11 China
92%
7.85 United States
92%
1.96 Iran
83%
1.08 North Korea
79%
8.48 Japan
71%
2.08 Saudi Arabia
71%
7.29 India
63%
1.32 Syria
63%
7.11 Pakistan
58%
2.84 Pakistan
58%
6.18 Singapore
58%
1.99 Belarus
50%
4.16 Nigeria
50%
3.28 Jordan
38%
6.11 Guyana
13%
No matching quizzes found
Score Distribution
Percent of People with Each Score
Percentile by Number Answered
Your Score History
You have not taken this quiz